Teatro
Gorde:
| Egile nagusia: | |
|---|---|
| Formatua: | Liburua |
| Hizkuntza: | gaztelania |
| Argitaratua: |
Buenos Aires
Losada
1961
|
| Saila: | Gran Teatro del Mundo
|
| Gaiak: | |
| Etiketak: |
Etiketa erantsi
Etiketarik gabe, Izan zaitez lehena erregistro honi etiketa jartzen!
|
MARC
| LEADER | 00000nam a2200000 a 4500 | ||
|---|---|---|---|
| 001 | UCZ3410 | ||
| 003 | CL-VaPUC | ||
| 008 | 951020e19610000AG |||||||||||||||||spa|d | ||
| 082 | 0 | 4 | |a 842 |b SAR |2 21 |
| 100 | 0 | |a Sartre, Jean-Paul |e author |9 269377 | |
| 245 | 1 | 0 | |a Teatro |
| 300 | |a 170 p | ||
| 942 | |c BK | ||
| 945 | |d 19951020 00:00:00 |a lriquelm | ||
| 260 | |a Buenos Aires |b Losada |c 1961 | ||
| 500 | |a v.4: Los secuestradores de Altona | ||
| 650 | 0 | |a Teatro francés |9 265089 | |
| 650 | 7 | |a DRAMAS FRANCESES |2 CL-VaPUC |9 267189 | |
| 650 | 0 | |a Literatura francesa |9 266330 | |
| 583 | |a last modification |c 19951020 00:00:00 |k Rodrigo Vera | ||
| 490 | 0 | |a Gran Teatro del Mundo | |
| 999 | |c 239890 |d 239888 | ||
| 952 | |0 0 |1 0 |4 0 |6 842_000000000000000_SAR_1961 |7 0 |8 A |9 251354 |a BIBEDU |b BIBEDU |d 2019-11-18 |h v.4 |i 1587617 |o 842 SAR 1961 |p 1587617 |r 2019-11-18 |w 2019-11-18 |y BK |k FIL | ||